Mots en R par définition - Statistiques

Statistiques générales
  • Ce quiz a été pris 259 fois
  • Le résultat moyen est 14 sur 20
Statistiques - réponses
Genre Définition Mot % Correct
Nom Féminin Petite rue étroite. Ruelle
94%
Nom Féminin Cours d'eau de faible ou moyenne importance qui se jette dans un autre cours d'eau. Rivière
93%
Nom Masculin Mammifère carnivore voisin du chien, à la queue touffue, aux grandes oreilles, au museau pointu et au pelage roux, qui passe pour un chasseur très rusé. Renard
92%
Nom Masculin Outil agricole et de jardinage composé d'un manche aboutissant à une barre perpendiculaire armée de dents. Râteau
87%
Nom Masculin Rebond que fait une pierre lancée obliquement sur la surface de l'eau, un projectile qui frappe un corps dur, etc. Ricochet
87%
Nom Féminin Fromage gras au lait de vache, à pâte cuite, pressée, en forme de meule ; sorte de fondue à base de tranches de ce fromage, dont on racle au fur et à mesure la partie ramollie pour la manger chaude avec des pommes de terre. Raclette
85%
Nom Masculin Inflammation de la muqueuse des voies respiratoires, en particulier des fosses nasales. Rhume
82%
Nom Masculin Riz cuit dans du bouillon, diversement garni et aromatisé. Spécialité italienne. Risotto
80%
Nom Masculin Plante dont il existe diverses variétés (petits, raves, noirs) cultivées pour leur racine charnue comestible. Radis
76%
Nom Masculin Oiseau se nourrissant principalement de vertébrés, capturés vivants et saisis par ses griffes recourbées ou serres. Rapace
76%
Nom Féminin Petite roue tournant en tous sens, fixée sous un chariot de manutention, sous le pied d'un meuble, etc. Roulette
72%
Nom Féminin Querelle violente, généralement publique, accompagnée de menaces et de coups. Rixe
70%
Nom Féminin Unité monétaire principale de l'Inde (ayant cours également au Bhoutan), de l'Indonésie, des Maldives, de Maurice, du Népal, du Pakistan, des Seychelles et de Sri Lanka. Roupie
70%
Nom Féminin Forme d'organisation politique dans laquelle les détenteurs du pouvoir l'exercent en vertu d'un mandat conféré par le corps social. République
60%
Nom Masculin Invariable Prière de l'Église catholique pour les morts ; messe pour un défunt. Musique composée sur ce texte. Requiem
56%
Nom Masculin Chacune des pièces d'une machine, d'un appareil horaire, d'un engrenage. Rouage
56%
Nom Féminin Entaille laissée sur une surface par quelque chose de pointu, de coupant. Rayure
49%
Nom Féminin Lieu couvert où l'on met à l'abri des véhicules, des engins, des matériels divers. Remise
49%
Nom Féminin Action qui répond sur-le-champ et vivement à une attaque. Riposte
49%
Nom Masculin & Adjectif Qui n'est pas noble. Roturier
47%
Aucun quiz correspondant
Distribution des résultats
% des personnes avec chaque résultat
Percentile par nombre de réponses
Votre historique - résultats
Vous n’avez pas pris ce quiz